00528nam a2200181Ia 450000500170000000800410001702000150005808200210007324500300009426000440012430000170016865000110018565000130019670000190020994200060022895200970023499900150033120250108055543.0240331s9999 xx 000 0 und d a033520113X bSOP22993a305.3 0aEngendering Social Policy aBuckinghambOpen University Pressc1999 avii, 211 p., aGender aChildren aWatson, Seedt cL 001040708LaWERCLbWERCLcSSCd2024-03-31l0o 305.3 ENGp2993r2024-03-31w2024-03-31yL c1564d1564